000 00798nam a22001815i 4500
001 166680
003 ES-MaACL
005 20230906213359.0
008 990413s1881 sy |||| | fre d
040 _aCCPB | B
_bspa
_cCCPB | B
100 1 _aTrouyet, Charles.
_9133395
245 1 0 _aPronostic sericole du 27 Mars 1881 pour la Syrie /
_cpar Charles Trouyet.
260 _aBeyrouth :
_b[s.n.],
_c1881.
300 _a60 p. ;
_c23 cm.
500 _aAdresse en deux pieces, le 1er et le 23 Avril 1881, a Mr. le Chevalier Colucci, Consul general d'Italie.
500 _aCommunique en leur temps a M. le Chevalier de Schultz, Consul general d'Autriche-Hongrie, et a M. le comte de Casa-Sarria, Consul general d'Espagne.
852 _aES-MaACL
_jT-426-F-9
_z-- Enc. hol.
_z-- Enc. en un vol. facticio
999 _c166680
_d166680